| 000 | 00487nam a22001817a 4500 | ||
|---|---|---|---|
| 003 | DO-SdBNP | ||
| 005 | 20180220092411.0 | ||
| 008 | 180220b sp||||| |||| 00| 0 spa d | ||
| 020 | _a8480830409 | ||
| 040 |
_aBPMSU _bspa _cBPMSU |
||
| 100 | _aSattgast, L. J. | ||
| 245 |
_aLa biblia promesas para mí _cL. J. Sattgast |
||
| 260 |
_aMadrid : _bSociedad Biblica _c2000 |
||
| 300 |
_a96 p. _bil. _c16 cm |
||
| 942 |
_2ddc _cBK |
||
| 945 | _ainventariado, 2018 / dg | ||
| 956 |
_adgarcia _b10 |
||
| 999 |
_c13315 _d13315 |
||